Loading...

TROPICAL GRASSES

Bibliographic Details
Main Author: SKERMAN P.J. and RIVEROS F.
Format: Printed Book
Published: INDIA SCITIFIC PUBLISHERS 1990
Subjects:
LEADER 00494nam a2200205 4500
020
037
082 |a 584.9 SKE 
100 |a SKERMAN P.J. and RIVEROS F. 
245 |a TROPICAL GRASSES  |h English 
250
260 |a INDIA  |b SCITIFIC PUBLISHERS  |c 1990 
300 |a 832  |f HB 
500
590
630
650 |a GRASS 
942 |c TB 
999 |c 171515  |d 171515 
952 |0 0  |1 0  |4 0  |6 584_900000000000000_SKE  |7 0  |9 184948  |a BOT  |b BOT  |l 0  |o 584.9 SKE  |p BOT6635  |r 2019-10-25  |w 2019-10-25  |y TB